000 00303nam a22001337a 4500
008 170401b xxu||||| |||| 00| 0 eng d
020 _a1560550732
041 _aeng
080 _a617
100 _a8
101 _aSHM
245 _aTHE PHYSICIAN'S GUIDE TO EYE CARE
_cTROBE, J.D
942 _2udc
_cBK
999 _c9368
_d9368